Q&A criminal law / (Record no. 22020)
[ view plain ]
| 000 -LEADER | |
|---|---|
| fixed length control field | 01491cam a22003615a 4500 |
| 001 - CONTROL NUMBER | |
| control field | 016885431 |
| 003 - CONTROL NUMBER IDENTIFIER | |
| control field | OSt |
| 005 - DATE AND TIME OF LATEST TRANSACTION | |
| control field | 20160724140355.0 |
| 008 - FIXED-LENGTH DATA ELEMENTS--GENERAL INFORMATION | |
| fixed length control field | 140922s2015 enka fr 001|0|eng|d |
| 015 ## - NATIONAL BIBLIOGRAPHY NUMBER | |
| National bibliography number | GBB4A6348 |
| Source | bnb |
| 016 7# - NATIONAL BIBLIOGRAPHIC AGENCY CONTROL NUMBER | |
| Record control number | 016885431 |
| Source | Uk |
| 020 ## - INTERNATIONAL STANDARD BOOK NUMBER | |
| International Standard Book Number | 1138787167 |
| 020 ## - INTERNATIONAL STANDARD BOOK NUMBER | |
| International Standard Book Number | 9781138787162 |
| 040 ## - CATALOGING SOURCE | |
| Original cataloging agency | StDuBDS |
| Language of cataloging | eng |
| Transcribing agency | StDuBDS |
| Modifying agency | EG-ScBUE |
| 082 04 - DEWEY DECIMAL CLASSIFICATION NUMBER | |
| Classification number | 345.42 |
| Item number | BAI |
| Edition number | 22 |
| 100 1# - MAIN ENTRY--PERSONAL NAME | |
| Personal name | Baird, Norman. |
| 9 (RLIN) | 40427 |
| 245 10 - TITLE STATEMENT | |
| Title | Q&A criminal law / |
| Statement of responsibility, etc | Norman Baird. |
| 246 30 - VARYING FORM OF TITLE | |
| Title proper/short title | Criminal law |
| 246 3# - VARYING FORM OF TITLE | |
| Title proper/short title | Q and a criminal law |
| 250 ## - EDITION STATEMENT | |
| Edition statement | 10 th ed. |
| 260 ## - PUBLICATION, DISTRIBUTION, ETC. (IMPRINT) | |
| Place of publication, distribution, etc | Oxford : |
| Name of publisher, distributor, etc | Routledge / Taylor & Francis Group , |
| Date of publication, distribution, etc | c.2015. |
| 300 ## - PHYSICAL DESCRIPTION | |
| Extent | 174 p. : |
| Other physical details | ill. ; |
| Dimensions | 23 cm. |
| 490 0# - Series Statement | |
| Series statement | Routledge Q&A series. |
| 500 ## - GENERAL NOTE | |
| General note | Index : p. 169-174. |
| 505 ## - FORMATTED CONTENTS NOTE | |
| Formatted contents note | Introduction -- General principles of criminal law -- Homicide -- Non fatal offences against the person -- General defences -- Modes of participation, inchoate offences and vicarious liability -- Offences against property -- Mixed questions. |
| 520 ## - SUMMARY, ETC. | |
| Summary, etc | This work explains the principles of law relating to the major offences and defences in criminal law. It demonstrates a range of effective methods for answering typical examination and assessment questions. |
| 650 #7 - SUBJECT ADDED ENTRY--TOPICAL TERM | |
| Topical term or geographic name as entry element | Criminal law |
| Geographic subdivision | England |
| Form subdivision | Examinations, questions, etc. |
| Source of heading or term | BUEsh |
| 9 (RLIN) | 40428 |
| 650 #7 - SUBJECT ADDED ENTRY--TOPICAL TERM | |
| Topical term or geographic name as entry element | Criminal law |
| Geographic subdivision | Wales. |
| Source of heading or term | BUEsh |
| 9 (RLIN) | 40429 |
| 650 #7 - SUBJECT ADDED ENTRY--TOPICAL TERM | |
| Topical term or geographic name as entry element | Criminal law. |
| 9 (RLIN) | 40402 |
| 651 ## - SUBJECT ADDED ENTRY--GEOGRAPHIC NAME | |
| Source of heading or term | BUEsh |
| 653 ## - INDEX TERM--UNCONTROLLED | |
| Resource For college | Law |
| Arrived date list | July2016 |
| 942 ## - ADDED ENTRY ELEMENTS (KOHA) | |
| Source of classification or shelving scheme | Dewey Decimal Classification |
| Edition | 22 |
| Call number prefix | 345.42 BAI |
| Withdrawn status | Item status | Source of classification or shelving scheme | Damaged status | Not for loan | Vendor | Home library | Current library | Shelving location | Date acquired | Source of acquisition | Cost, normal purchase price | Serial Enumeration / chronology | Total Checkouts | Total Renewals | Full call number | Barcode | Date last seen | Date last borrowed | Cost, replacement price | Koha item type |
|---|---|---|---|---|---|---|---|---|---|---|---|---|---|---|---|---|---|---|---|---|
| Dewey Decimal Classification | Baccah | Central Library | Central Library | First floor | 24/07/2016 | Purchase | 182.00 | 26080 | 4 | 2 | 345.42 BAI | 000032927 | 15/07/2025 | 03/10/2023 | 227.50 | Book - Borrowing | ||||
| Dewey Decimal Classification | Baccah | Central Library | Central Library | First floor | 24/07/2016 | Purchase | 182.00 | 26080 | 1 | 345.42 BAI | 000032926 | 15/07/2025 | 09/01/2022 | 227.50 | Book - Borrowing |